00596nam a2200169 450000500170000001000150001702000270003203500140005903700130007308200120008610000160009824500870011426000390020127001090024030000270034950000500037620190415143441.0 aENG-125058 a97881220007930c595.00 aEN-108590 bDBAD/PUB a363.209 aVohra, B.L. aTripura's bravehearts:ba police sucess story of counterinsurgency/cby Vohra B.L. aNew DelhibKonark Publishersc2011 a206, First Floor, Peacock Lane, Shahpur JatbNew Delhie110049k011-41055065mindia@konarkpublishers.com axxiii,247p.c24cm.(Hb) aincludes bibliographical references and index